Welcome to CU Library Online Public Access Catalogue (OPAC)

Electronic Devices (Record no. 8254)

MARC details
000 -LEADER
fixed length control field 00494nam a22001577a 4500
005 - DATE AND TIME OF LATEST TRANSACTION
control field 20251113174910.0
008 - FIXED-LENGTH DATA ELEMENTS--GENERAL INFORMATION
fixed length control field 251113b |||||||| |||| 00| 0 eng d
020 ## - INTERNATIONAL STANDARD BOOK NUMBER
International Standard Book Number 9780131141360
050 ## - LIBRARY OF CONGRESS CALL NUMBER
Classification number TK7870
Item number .F52
100 ## - MAIN ENTRY--PERSONAL NAME
Personal name Floyd, Thomas L.
245 ## - TITLE STATEMENT
Title Electronic Devices
Remainder of title electronic flow version
Statement of responsibility, etc. Thomas L. Floyd
250 ## - EDITION STATEMENT
Edition statement 5th ed.
260 ## - PUBLICATION, DISTRIBUTION, ETC.
Place of publication, distribution, etc. Upper Saddle River, New Jersey
Name of publisher, distributor, etc. Pearson/Prentice Hall
Date of publication, distribution, etc. 2005
300 ## - PHYSICAL DESCRIPTION
Extent xviii. 973p.
Other physical details ill. some color
Dimensions 27.5cm
942 ## - ADDED ENTRY ELEMENTS (KOHA)
Source of classification or shelving scheme Library of Congress Classification
Koha item type Books
Edition 5th ed.
Suppress in OPAC No
999 ## -
-- 8254
-- 8254
Holdings
Withdrawn status Lost status Source of classification or shelving scheme Damaged status Not for loan Collection Home library Current library Shelving location Date acquired Total checkouts Full call number Barcode Date last seen Copy number Price effective from Koha item type
    Library of Congress Classification     Non-fiction Science Library (Miotso) Science Library (Miotso) General stacks 11/13/2025   TK7870 .F52 FLO SLM00005821 11/13/2025 1 11/13/2025 Books
© 2023-2024 Copyright: Central University Libraries. All Rights Reserved | Created by: Mahone Tech Office